000 00717nam a2200217Ii 4500
003 JO-AjNU
008 230605s9999||||xx |||||||||||||| ||und||
017 _a1986/9/827
040 _aJO-AjNU
_bara
_erda
_cJO-AjNU
041 _aara
050 1 4 _aPJ5024.A9954 1987
100 3 _aتاليف العياري، صالح,
_eauthor
_940185
245 0 0 _aفي الشعر العبري والصهيوني المعاصر
250 _aط1
264 3 1 _aدمشق: دار طلاس، 1987
300 _a254ص
336 _atext
_btxt
_2rdacontent
337 _aunmediated
_bn
_2rdamedia
338 _avolume
_bnc
_2rdacarrier
650 4 _aالعياري-في الشعر العبري والصهيوني المعاصر
_940186
999 _aA17032
_c20600
_d20600